Principles of Instrumental Analysis / (Record no. 2351)
[ view plain ]
| 000 -LEADER | |
|---|---|
| fixed length control field | 00835nac a22002531u 4500 |
| 008 - FIXED-LENGTH DATA ELEMENTS--GENERAL INFORMATION | |
| fixed length control field | 111031t xxu||||| |||| 00| 0 eng d |
| 010 ## - | |
| -- | 2006926952 |
| 020 ## - INTERNATIONAL STANDARD BOOK NUMBER | |
| International Standard Book Number | 0495125709 |
| 020 ## - INTERNATIONAL STANDARD BOOK NUMBER | |
| International Standard Book Number | 9780495125709 |
| 082 ## - DEWEY DECIMAL CLASSIFICATION NUMBER | |
| Classification number | 543 |
| Item number | SKO |
| 100 ## - MAIN ENTRY--PERSONAL NAME | |
| Personal name | Skoog, Douglas A. |
| 9 (RLIN) | 27701 |
| 245 10 - TITLE STATEMENT | |
| Title | Principles of Instrumental Analysis / |
| Statement of responsibility, etc | Douglas A. Skoog, F. James Holler, Stanley Crouch. |
| 250 ## - EDITION STATEMENT | |
| Edition statement | 6th ed. |
| 260 ## - | |
| -- | Belmont, CA : |
| -- | Thomson Brooks/Cole,2007 |
| -- | 2007. |
| 300 ## - PHYSICAL DESCRIPTION | |
| Extent | xv,1039 p :. |
| Other physical details | ill. ; |
| Dimensions | 25 cm. |
| 336 ## - CONTENT TYPE | |
| Source | rdacontent |
| Content type term | text |
| Content type code | txt |
| 337 ## - MEDIA TYPE | |
| Media type term | unmediated |
| Source | rdamedia |
| Media type code | n |
| 338 ## - CARRIER TYPE | |
| Carrier type term | volume |
| Carrier type code | nc |
| Source | rdacarrier |
| 500 ## - GENERAL NOTE | |
| General note | Includes index |
| 650 ## - SUBJECT ADDED ENTRY--TOPICAL TERM | |
| Topical term or geographic name as entry element | Instrumental analysis |
| 9 (RLIN) | 27702 |
| 700 ## - ADDED ENTRY--PERSONAL NAME | |
| Personal name | Holler, F. James |
| 9 (RLIN) | 27703 |
| 700 ## - ADDED ENTRY--PERSONAL NAME | |
| Personal name | Nieman, Timothy A. |
| 9 (RLIN) | 27704 |
| 942 ## - ADDED ENTRY ELEMENTS (KOHA) | |
| Koha item type | Book - Borrowing |
| Call number prefix | 543 SKO |
| Source of classification or shelving scheme | Dewey Decimal Classification |
| Classification part | RDA-MOD |
| Withdrawn status | Lost status | Source of classification or shelving scheme | Materials specified (bound volume or other part) | Damaged status | Not for loan | Collection code | Home library | Current library | Shelving location | Date acquired | Source of acquisition | Cost, normal purchase price | Total Checkouts | Full call number | Barcode | Date last seen | Date checked out | Price effective from | Koha item type | Total Renewals | Checked out |
|---|---|---|---|---|---|---|---|---|---|---|---|---|---|---|---|---|---|---|---|---|---|
| Lost | Dewey Decimal Classification | Lost In Inventory_2005-2015/8/22 | Central Library | Central Library | First floor | 18/02/2007 | 408.00 | 4 | 543 SKO | 000002035 | 30/06/2011 | 25/02/2009 | 18/02/2007 | Book - Borrowing | |||||||
| Dewey Decimal Classification | Central Library | Central Library | First floor | 22/09/2011 | 1 | 543 SKO | 000024569 | 23/11/2014 | 23/11/2014 | 22/09/2011 | Book - Borrowing | 52 | 07/06/2025 |